[Event "2nd Chennai Open"]
[Site "Chennai IND"]
[Date "2010.01.25"]
[Round "1"]
[White "Lasya,G"]
[Black "Manik,M"]
[Result "0-1"]
[WhiteElo "1848"]
[BlackElo "2435"]

1.e4 c5 2.Nf3 d6 3.d4 cxd4 4.Nxd4 Nf6 5.Nc3 Nc6 6.Bg5 e6 7.Qd2 a6 8.O-O-O Be7
9.f4 Nxd4 10.Qxd4 b5 11.Kb1 Bb7 12.a4 bxa4 13.Qxa4+ Qd7 14.Bxf6 Qxa4 15.Nxa4 Bxf6
16.Rxd6 Bxe4 17.Nc5 Bd5 18.Bxa6 Rb8 19.Nb7 O-O 20.Rb6 Bxg2 21.Rd1 Rfc8 22.Rd7 Be4
23.Rd2 Rc6 24.Rxc6 Bxc6 25.Rd3 h5 26.Rb3 Bd5 27.c4 Be4+ 28.Kc1 Bd4 29.c5 Bd5
30.Rd3 Bxb7 31.Bxb7 Bxc5 32.Be4 g6 33.Rf3 Bd6 34.h3 Rb4 35.Bd3 Bxf4+ 36.Kc2 e5
37.Kc3 Rb8 38.b4 f5 39.b5 Kf7 40.Kc4 Ke6 41.Kb4 Bd2+ 42.Kb3 e4 43.Bc4+ Ke5
44.Rf2 e3 45.Rf1 g5 46.Be2 g4 47.hxg4 hxg4 48.Rg1 Ke4 49.Ka4 Ra8+ 50.Kb3 Rg8
51.Ka4 Rg6 52.Kb3 Kd4 53.Rf1 g3 54.Rg1 f4 55.Kc2 Rg8 56.Kb3 Ke4 57.Bc4 Rf8
58.Ka4 Kd4 59.Bf1 f3 60.Rxg3 e2 61.Rg4+ Kc3 62.Bxe2 Ra8+  0-1

[Event "2nd Chennai Open"]
[Site "Chennai IND"]
[Date "2010.01.26"]
[Round "3"]
[White "Anwesh,U"]
[Black "Nimmy,A"]
[Result "1-0"]
[WhiteElo "2400"]
[BlackElo "2224"]

1.e4 c5 2.Nf3 d6 3.d4 cxd4 4.Nxd4 Nf6 5.Nc3 Nc6 6.Bg5 e6 7.Qd2 a6 8.O-O-O h6
9.Nxc6 bxc6 10.Bf4 d5 11.Qe3 Bb4 12.a3 Be7 13.Be2 Qa5 14.Qg3 Bxa3 15.Bc7 Qb4
16.bxa3 Qxa3+ 17.Kd2 Qb4 18.Ke1 Nxe4 19.Qxg7 Qxc3+ 20.Qxc3 Nxc3 21.Be5 Nxe2
22.Bxh8 Nf4 23.g3 Ng6 24.Bg7 h5 25.f4 a5 26.Ra1 c5 27.Kd2 Ke7 28.Rhb1 f6
29.Rb5 Kf7 30.Bh6 Ne7 31.Raxa5 Rxa5 32.Rxa5 Nf5 33.Rxc5 Ba6 34.Rc7+ Kg8 35.Ra7 Bc4
36.Ra8+ Kf7 37.Bf8 Nd4 38.Kd1 Nf3 39.h4 Nd4 40.Bc5 Nf5 41.Bf2 e5 42.fxe5 fxe5
43.Rh8 Ng7 44.c3 Bd3 45.Kd2 Bf5 46.Ba7 Bg4 47.Bb8 Ke6 48.Rf8 e4 49.Bf4 Nf5
50.Re8+ Kd7 51.Re5 Kc6 52.Re6+ Kc5 53.Rg6 d4 54.cxd4+ Kxd4 55.Rxg4 hxg4 56.h5 e3+
57.Ke2 Ke4 58.h6 Nd4+ 59.Ke1 Kf3 60.Bxe3 Nc2+ 61.Kd2 Nxe3 62.h7 Nf1+ 63.Ke1 Nxg3
64.h8=Q Nf5 65.Qf8 Kf4 66.Kf2 Kg5 67.Qd8+ Kf4 68.Qb8+ Kg5 69.Qe5 Kg6 70.Qf4 Nh6
71.Kg3 Kh5 72.Qf6  1-0

[Event "8th Gibtelecom Masters"]
[Site "Caleta ENG"]
[Date "2010.01.28"]
[Round "3"]
[White "Wantiez,F"]
[Black "Allor,C"]
[Result "1-0"]
[WhiteElo "2315"]
[BlackElo "2100"]

1.e4 c5 2.Nf3 d6 3.d4 cxd4 4.Nxd4 Nf6 5.Nc3 Nc6 6.Bg5 e6 7.Qd2 a6 8.O-O-O Bd7
9.f3 Be7 10.h4 b5 11.Nxc6 Bxc6 12.Bxf6 gxf6 13.Bd3 b4 14.Ne2 Qb6 15.Kb1 a5
16.Bc4 Qc5 17.b3 Bb5 18.Bxb5+ Qxb5 19.Nd4 Qc5 20.Qh6 a4 21.Qg7 Rf8 22.Qxh7 Rc8
23.Rd2 a3 24.Ne2 Qe5 25.Rd4 f5 26.f4 Qf6 27.Qh5 Rh8 28.Qf3 fxe4 29.Qxe4 Rxh4
30.Rxh4 Qxh4 31.g3 Qh2 32.Qf3 Qh7 33.f5 d5 34.Rd1 Qg7 35.Nd4 e5 36.Nb5 e4
37.f6 Bxf6 38.Qf5 Rd8 39.Rxd5 Rxd5 40.Qxd5 Qg5 41.Nd6+ Ke7 42.Nf5+ Ke8 43.Qc6+  1-0

[Event "2nd Chennai Open"]
[Site "Chennai IND"]
[Date "2010.01.28"]
[Round "5"]
[White "Ramaswamy,A"]
[Black "Karthikeyan,P1"]
[Result "1/2-1/2"]
[WhiteElo "2211"]
[BlackElo "2408"]

1.e4 c5 2.Nf3 d6 3.d4 cxd4 4.Nxd4 Nf6 5.Nc3 Nc6 6.Bg5 e6 7.Qd2 a6 8.O-O-O Be7
9.f3 Bd7 10.h4 h6 11.Be3 h5 12.Qf2 Ne5 13.Nb3 b5 14.Bb6 Qb8 15.Na5 O-O 16.g4 b4
17.g5 bxc3 18.gxf6 cxb2+ 19.Kb1 Bxf6 20.Nc4 Nxc4 21.Bxc4 Rc8 22.Bd3 e5 23.Rhg1 Be6
24.f4 Rc6 25.fxe5 Bxe5 26.Bd4 Qb4 27.Bxe5 dxe5 28.Qg3 g6 29.Qxe5 Kh7 30.Rg5 Qa3
31.c4 Rd8 32.Rxh5+ gxh5 33.Qxh5+ Kg7 34.Qg5+ Kh7 35.Qh5+ Kg7 36.Qg5+  1/2-1/2

[Event "2nd Chennai Open"]
[Site "Chennai IND"]
[Date "2010.01.29"]
[Round "6"]
[White "Venkatesh,M"]
[Black "Mehar,C"]
[Result "1-0"]
[WhiteElo "2432"]
[BlackElo "2258"]

1.e4 c5 2.Nf3 d6 3.d4 cxd4 4.Nxd4 Nf6 5.Nc3 Nc6 6.Bg5 e6 7.Qd2 a6 8.O-O-O Bd7
9.f3 Be7 10.Kb1 Rc8 11.h4 h6 12.Be3 h5 13.Bg5 b5 14.Nxc6 Bxc6 15.Ne2 d5 16.e5 Nd7
17.Nd4 Bb7 18.Qe3 Nc5 19.Be2 Qc7 20.f4 g6 21.g4 hxg4 22.Bxg4 Ne4 23.Bxe7 Kxe7
24.h5 gxh5 25.Bxh5 Rcg8 26.Bf3 Rxh1 27.Rxh1 b4 28.Rh7 Rg3 29.a3 Qc5 30.Ka2 Qc4+
31.Nb3 Qxc2 32.Bxe4 Qxb3+ 33.Qxb3 Rxb3 34.Kxb3 dxe4 35.Kxb4 e3 36.Kc3 e2
37.Kd2 Bf3 38.Rh3  1-0

[Event "LX Abto de Verano"]
[Site "Villa Ballester ARG"]
[Date "2010.01.29"]
[Round "7"]
[White "Perez Ponsa,F"]
[Black "Scarella,E"]
[Result "1/2-1/2"]
[WhiteElo "2437"]
[BlackElo "2363"]

1.e4 c5 2.Nf3 d6 3.d4 cxd4 4.Nxd4 Nf6 5.Nc3 Nc6 6.Bg5 Bd7 7.Qd2 Rc8 8.f4 h6
9.Bxf6 gxf6 10.O-O-O Nxd4 11.Qxd4 Qa5 12.Kb1 Qc5 13.Qd3 f5 14.exf5 Qxf5 15.Qxf5 Bxf5
16.Bb5+ Kd8 17.Bd3 Bxd3 18.Rxd3 Rc4 19.Rf1 Bg7 20.Nd5 Rd4 21.Rxd4 Bxd4 22.c3 Bc5
23.b4 Bb6 24.Kc2  1/2-1/2

[Event "8th Gibtelecom Masters"]
[Site "Caleta ENG"]
[Date "2010.01.31"]
[Round "6"]
[White "Flores Chico,J"]
[Black "Dworakowska,J"]
[Result "0-1"]
[WhiteElo "2052"]
[BlackElo "2374"]

1.e4 c5 2.Nf3 d6 3.d4 cxd4 4.Nxd4 Nf6 5.Nc3 Nc6 6.Bg5 e6 7.f4 h6 8.Bh4 Be7
9.Bf2 a6 10.Qf3 Qc7 11.Nb3 b5 12.Bd3 Bb7 13.Qg3 g5 14.fxg5 hxg5 15.O-O-O Ne5
16.Rhe1 b4 17.Nb1 Nh5 18.Qe3 Nf4 19.Bf1 Rc8 20.Rd2 Rxh2 21.Bg3 Rxg2 22.Bxg2 Ned3+  0-1

[Event "8th Gibtelecom Masters"]
[Site "Caleta ENG"]
[Date "2010.02.01"]
[Round "7"]
[White "Nuri,Kam"]
[Black "Allor,C"]
[Result "0-1"]
[WhiteElo "2235"]
[BlackElo "2100"]

1.e4 c5 2.Nf3 d6 3.d4 cxd4 4.Nxd4 Nf6 5.Nc3 Nc6 6.Bg5 e6 7.Qd2 a6 8.O-O-O Bd7
9.f4 b5 10.Bxf6 gxf6 11.Nxc6 Bxc6 12.Qe1 Qa5 13.Kb1 Be7 14.Bd3 b4 15.Ne2 Qc5
16.c3 Rb8 17.c4 Rg8 18.Rg1 Qe3 19.Qd2 Qxd2 20.Rxd2 Bd8 21.Nd4 Bb7 22.Rgd1 Bb6
23.Bc2 Ke7 24.g3 Rbc8 25.b3 Bc5 26.Re1 Rcd8 27.Red1 h5 28.Re1 h4 29.Rg1 Rg4
30.Bd1 Bxe4+ 31.Kb2 Rg7 32.Re1 Bxd4+ 33.Rxd4 Bf5 34.gxh4 Rg2+ 35.Re2 Rxe2+
36.Bxe2 Rg8 37.Bf3 Bg4 38.Bb7 a5 39.Rd2 Rh8 40.Rc2 Bf5 41.Rf2 Rxh4 42.Kc1 Rh3
43.Bf3 Kd7 44.Kd2 Bb1 45.Kc1 Bf5 46.Kd2 Kc7 47.Ke2 e5 48.fxe5 fxe5 49.Kf1 Rh7
50.Bd5 Bh3+ 51.Bg2 Bxg2+ 52.Kxg2 Kd7 53.Rd2 Rh4 54.Rd5 Rf4 55.Rxa5 e4 56.Rd5 f5
57.c5 Kc6 58.Rxd6+ Kxc5 59.Rd1 e3 60.h4 Rxh4 61.Kf3 Re4 62.Ke2 f4 63.Rc1+ Kd5
64.Rc2 Rd4  0-1

[Event "ch-UKR b18"]
[Site "Kyiv UKR"]
[Date "2010.02.01"]
[Round "9"]
[White "Strygin,A"]
[Black "Olshevskiy,M"]
[Result "1/2-1/2"]
[WhiteElo "2229"]
[BlackElo "2014"]

1.e4 c5 2.Nf3 d6 3.Nc3 Nc6 4.d4 cxd4 5.Nxd4 Nf6 6.Bg5 Bd7 7.Qd2 Rc8 8.O-O-O Nxd4
9.Qxd4 Qa5 10.Bxf6 gxf6 11.Kb1 Qc5 12.Be2 Bg7 13.Qxc5 Rxc5 14.Rd5 f5 15.Rxc5 dxc5
16.exf5 Bxc3 17.bxc3 Bxf5 18.Rd1 Bd7 19.Bf3 b6 20.Bd5 e6 21.Be4 Ke7 22.f4 h6
23.Rd3 f5 24.Bf3 Bb5 25.Re3 Rd8 26.Kc1 Bc4 27.a3 Kf6 28.g3 Bd5 29.Be2 Be4
30.Bd3 Bc6  1/2-1/2

[Event "Georgi Tringov Mem"]
[Site "Plovdiv BUL"]
[Date "2010.02.01"]
[Round "2"]
[White "Ivanov,Bog"]
[Black "Georgiev,Vl"]
[Result "0-1"]
[WhiteElo "2169"]
[BlackElo "2583"]

1.e4 c5 2.Nf3 Nc6 3.d4 cxd4 4.Nxd4 Nf6 5.Nc3 d6 6.Bg5 Qa5 7.Bb5 Bd7 8.Nb3 Qc7
9.a4 e6 10.O-O a6 11.Be2 Be7 12.f4 h6 13.Bh4 Nxe4 14.Nxe4 Bxh4 15.Qxd6 O-O-O
16.Qc5 Be7 17.Qf2 f5 18.Nec5 Na5 19.Bf3 Nxb3 20.Bxb7+ Kb8 21.Nxa6+ Kxb7 22.Nxc7 Bc5
23.cxb3 Bxf2+ 24.Rxf2 Kxc7 25.b4 Bc6 26.b5 Be4 27.b4 Kb6 28.Rb2 Rd4 29.h3 Rhd8
30.Kh2 Rd2 31.Raa2 Rxb2 32.Rxb2 Rd3 33.Ra2 Bd5 34.Rb2 Ra3  0-1

[Event "8th Gibtelecom Masters"]
[Site "Caleta ENG"]
[Date "2010.02.03"]
[Round "9"]
[White "Lopez Martinez,Josep"]
[Black "Degtiarev,E"]
[Result "1/2-1/2"]
[WhiteElo "2593"]
[BlackElo "2374"]

1.e4 c5 2.Nf3 d6 3.d4 cxd4 4.Nxd4 Nf6 5.Nc3 Nc6 6.Bg5 Bd7 7.Qd2 Rc8 8.Nxc6 Bxc6
9.f3 a6 10.O-O-O Qa5 11.Kb1 Nd7 12.Bc4 b5 13.Bb3 Nc5 14.Rhe1 e6 15.Bh4 Na4
16.Bxa4 bxa4 17.a3 Bb5 18.Qd4 e5 19.Qa7 Qc7 20.Qxc7 Rxc7 21.Nd5 Rc8 22.Re3 f6
23.Be1 Kf7 24.Bb4 Ke6 25.f4 exf4 26.Nxf4+ Kd7 27.e5 fxe5 28.Rxe5 Be7 29.Ne6 Rc6
30.Ree1 Bf6 31.Nc5+ Kc7 32.Ne4 Be5 33.g3 h5 34.Bc3 Re8 35.Kc1 Rc4 36.Bxe5 Rxe5
37.Nxd6 Rxe1 38.Nxb5+ axb5 39.Rxe1 Kd6 40.Rf1 Ke6 41.Kd2 g5 42.h3 Rc5 43.Rf2 Rd5+
44.Kc3 Re5 45.Kb4 Re3 46.Rg2 Re5 47.c4 bxc4 48.Kxa4 Re3 49.Kb4 Kd5 50.Rd2+ Kc6
51.Kxc4 Rxg3 52.Rh2 h4 53.Kb4 Kb6 54.Kc4 Kc6 55.Kd4 Kb5 56.Ke4 Ka4 57.Kf5 Kb3
58.Re2 Rg1 59.Kg6 g4 60.hxg4 Rxg4+ 61.Kh5 Rc4 62.Rh2 Ra4 63.Kg5 Rc4 64.Kf5 Ra4
65.Ke5 Rc4 66.Kd5 Ra4 67.Kc5 Rc4+ 68.Kb5 Rg4 69.a4 Rb4+ 70.Kc5 Rxa4 71.Kd5 Ra2
72.Rxh4 Rxb2  1/2-1/2

[Event "Georgi Tringov Mem"]
[Site "Plovdiv BUL"]
[Date "2010.02.03"]
[Round "5"]
[White "Drenchev,P"]
[Black "Kozhuharov,S"]
[Result "1-0"]
[WhiteElo "2477"]
[BlackElo "2395"]

1.e4 c5 2.Nf3 d6 3.d4 Nf6 4.Nc3 cxd4 5.Nxd4 Nc6 6.Bg5 e6 7.Qd2 a6 8.O-O-O Bd7
9.f4 b5 10.Bxf6 gxf6 11.Kb1 Qb6 12.Nxc6 Bxc6 13.Qe1 Ra7 14.f5 Qc5 15.Qh4 Qe5
16.Nd5 Bg7 17.Nb4 Ba8 18.Qf2 Re7 19.Re1 exf5 20.Nd3 Qe6 21.exf5 Qd7 22.Rxe7+ Qxe7
23.Be2 O-O 24.Bf3 d5 25.Qb6 Re8 26.Qxa6 Qd7 27.Qb6 d4 28.Re1 Bxf3 29.Rxe8+ Qxe8
30.gxf3 Bh6 31.Qxd4 Qe2 32.Qg4+  1-0

[Event "Georgi Tringov Mem"]
[Site "Plovdiv BUL"]
[Date "2010.02.04"]
[Round "7"]
[White "Krivokapic,M"]
[Black "Vutov,M"]
[Result "1/2-1/2"]
[WhiteElo "2422"]
[BlackElo "2331"]

1.e4 c5 2.Nf3 d6 3.d4 cxd4 4.Nxd4 Nf6 5.Nc3 Nc6 6.Bg5 e6 7.Qd2 a6 8.O-O-O Bd7
9.f3 h6 10.Be3 b5 11.Nxc6 Bxc6 12.Kb1 Qc7 13.Ne2 Be7 14.Nd4 Bb7 15.h4 Nd7
16.Be2 d5 17.exd5 Bxd5 18.Bf4 Bd6 19.Bxd6 Qxd6 20.Nf5 Qe5 21.g4 g6 22.Nd4 Qc7
23.Rhe1 h5 24.g5 O-O 25.f4 Rfd8 26.f5 exf5 27.Nxf5 Ne5 28.Nd4 Rac8 29.Qf4 Ng4
30.Qxc7 Rxc7 31.Nb3 Rdd7 32.Bd3 Nf2 33.Rd2 Nxd3 34.Rxd3  1/2-1/2

[Event "FSIMA February"]
[Site "Budapest HUN"]
[Date "2010.02.07"]
[Round "2"]
[White "Lengyel,B"]
[Black "Szabo,Ben"]
[Result "1/2-1/2"]
[WhiteElo "2271"]
[BlackElo "2261"]

1.e4 c5 2.Nf3 d6 3.d4 cxd4 4.Nxd4 Nf6 5.Nc3 Nc6 6.Bg5 e6 7.Qd2 Qb6 8.Nb3 Be7
9.O-O-O O-O 10.f3 Rd8 11.Be3 Qc7 12.Qf2 d5 13.exd5 Nxd5 14.Nxd5 exd5 15.g4 Be6
16.Nd4 Nxd4 17.Bxd4 b6 18.Bd3 Bc5  1/2-1/2

[Event "TCh-Eur Seniors"]
[Site "Dresden GER"]
[Date "2010.02.12"]
[Round "3"]
[White "Opl,K"]
[Black "Danner,G"]
[Result "1/2-1/2"]
[WhiteElo "2360"]
[BlackElo "2429"]

1.e4 c5 2.Nf3 Nc6 3.d4 cxd4 4.Nxd4 Nf6 5.Nc3 d6 6.Bg5 e6 7.Qd2 Be7 8.O-O-O Nxd4
9.Qxd4 O-O 10.f4 Qa5 11.Kb1 h6 12.h4 Rd8 13.Bd3 e5 14.Qe3 exf4 15.Bxf4 Be6  1/2-1/2

[Event "TCh-Eur Seniors"]
[Site "Dresden GER"]
[Date "2010.02.13"]
[Round "4"]
[White "Van Geffen,B"]
[Black "Kivipelto,KE"]
[Result "1/2-1/2"]
[WhiteElo "2174"]
[BlackElo "2185"]

1.e4 c5 2.Nf3 Nc6 3.d4 cxd4 4.Nxd4 Nf6 5.Nc3 d6 6.Bg5 g6 7.Bxf6 exf6 8.Qd2 Bg7
9.Bb5 Bd7 10.O-O O-O 11.Nb3 f5 12.Bxc6 bxc6 13.Qxd6 fxe4 14.Rad1 Bg4 15.Rd2 Bxc3
16.bxc3 Qxd6 17.Rxd6 Rfd8 18.Rxc6 Rac8 19.Rxc8 Rxc8 20.h3 Be6 21.Re1 Rxc3
22.Rxe4 Rxc2 23.Ra4 Rb2 24.Rxa7 Bxb3  1/2-1/2

[Event "TCh-Eur Seniors"]
[Site "Dresden GER"]
[Date "2010.02.14"]
[Round "5"]
[White "Lederman,L"]
[Black "Titz,Hei"]
[Result "1/2-1/2"]
[WhiteElo "2280"]
[BlackElo "2248"]

1.e4 c5 2.Nf3 Nc6 3.d4 cxd4 4.Nxd4 Nf6 5.Nc3 d6 6.Bg5 e6 7.Qd2 a6 8.O-O-O Bd7
9.f4 h6 10.Bxf6 Qxf6 11.Nf3 Qd8 12.h4 Qc7 13.g4 O-O-O 14.g5 Be7 15.Bh3 Kb8
16.f5 hxg5 17.Nxg5 Bxg5 18.Qxg5 Ne5 19.Bf1 g6 20.fxg6 fxg6 21.Be2 Rhf8 22.Rhf1 Bc8
23.Rf4 Rxf4 24.Qxf4 Qe7 25.Rg1 Rh8 26.Rg5 Rf8 27.Qg3 Qf6 28.Bd1 Qf4+ 29.Qxf4 Rxf4
30.h5 gxh5 31.Rxh5 Bd7 32.Be2 Kc7 33.Kd2 Rf7 34.Ke3 Rg7 35.Kf2 Bc6 36.Bd3 Kd7
37.Ne2 Ng4+ 38.Kf3 Ne5+ 39.Ke3 Ng4+ 40.Kf3 Ne5+  1/2-1/2

[Event "TCh-Eur Seniors"]
[Site "Dresden GER"]
[Date "2010.02.15"]
[Round "6"]
[White "Rosen,W"]
[Black "Wittmann,W"]
[Result "1/2-1/2"]
[WhiteElo "2287"]
[BlackElo "2294"]

1.e4 c5 2.Nf3 d6 3.d4 cxd4 4.Nxd4 Nf6 5.Nc3 Nc6 6.Bg5 e6 7.Qd2 Be7 8.O-O-O Nxd4
9.Qxd4 O-O 10.f4 h6 11.Bh4 Qa5 12.Kb1 e5 13.Qd2 Nxe4 14.Nxe4 Qxd2 15.Rxd2 Bxh4
16.Nxd6 exf4 17.Be2 b6 18.Bf3 Rb8 19.Nxc8 Rbxc8 20.Rd7 a5 21.Rhd1 Rcd8 22.c4 Rxd7
23.Rxd7 Bf2 24.Bd5 g5 25.h3 Kg7 26.Kc2 Bc5 27.a3 Kg6 28.Rb7 f5 29.b4 axb4
30.axb4 Bg1 31.Rc7 g4 32.c5 bxc5 33.bxc5 f3 34.gxf3 gxh3 35.f4 Bh2 36.Rc6+ Kg7
37.Rc7+ Kg6 38.Rc6+ Rf6 39.Rxf6+ Kxf6 40.Kd3 Bxf4 41.Ke2 Ke5 42.Bb7 Kd4 43.Kf3 Bc7
44.Bc8 h2 45.Kg2 Ke4 46.Bxf5+  1/2-1/2

[Event "Uxbridge Int Alekhine"]
[Site "Uxbridge ENG"]
[Date "2010.02.15"]
[Round "4"]
[White "Brown,Mart"]
[Black "Poobalasingam,P"]
[Result "1-0"]
[WhiteElo "2071"]
[BlackElo "2341"]

1.e4 c5 2.Nf3 d6 3.d4 cxd4 4.Nxd4 Nf6 5.Nc3 Nc6 6.Bg5 Bd7 7.Qd2 h6 8.Bxf6 gxf6
9.O-O-O a6 10.f4 Nxd4 11.Qxd4 e6 12.Kb1 Be7 13.Na4 e5 14.Qb4 b5 15.Nc3 d5
16.Qb3 dxe4 17.fxe5 fxe5 18.Be2 Qc8 19.Nxe4 Be6 20.Qg3 Qc7 21.Qg7 Rf8 22.Qxh6 Rc8
23.Bd3 Qc6 24.Qh5 Qd5 25.b3 Rc7 26.Rhe1 Rg8 27.Rd2 Rd7 28.Red1 Kd8 29.Bc4 Qxd2
30.Rxd2 Rxd2 31.Nxd2 bxc4 32.Qxe5 Rxg2 33.Qb8+ Bc8 34.Qb6+ Kd7 35.Nxc4 f6
36.Na5 Rxh2 37.Qc6+ Kd8 38.Qd5+ Ke8 39.Nc6 Bd7 40.Qg8+ Bf8 41.Qg6+  1-0

[Event "Open"]
[Site "Novy Bor CZE"]
[Date "2010.02.16"]
[Round "5"]
[White "Havranek,Mir"]
[Black "Stuchly,J"]
[Result "1/2-1/2"]
[WhiteElo "2228"]
[BlackElo "1920"]

1.e4 c5 2.Nf3 Nc6 3.d4 cxd4 4.Nxd4 d6 5.Nc3 Nf6 6.Bg5 e6 7.Qd2 Be7 8.Nb3 a6
9.Be2 b5 10.a3 Bb7 11.f4 h6 12.Bxf6 Bxf6 13.O-O O-O 14.Qe3 Qc7 15.Rad1 Rad8
16.Rd2 Ne7 17.Bf3 e5 18.g3 exf4 19.gxf4 Bxc3 20.bxc3 f5 21.exf5 Bxf3 22.Qxf3 Nxf5
23.Nd4 Nxd4 24.Rxd4 Rf5 25.Qd3 Qc5 26.c4 Rdf8 27.cxb5 Rxf4 28.Rxf4 Rxf4 29.c3 Rxd4
30.cxd4 Qxb5 31.Qe4 Qg5+ 32.Kf2 Qd2+ 33.Kg3 Qc3+  1/2-1/2

[Event "Cotroceni Women"]
[Site "Bucharest ROU"]
[Date "2010.02.17"]
[Round "8"]
[White "Peptan,C"]
[Black "Khotenashvili,B"]
[Result "1/2-1/2"]
[WhiteElo "2411"]
[BlackElo "2461"]

1.e4 c5 2.Nf3 d6 3.d4 cxd4 4.Nxd4 Nf6 5.Nc3 Nc6 6.Bg5 e6 7.Qd2 Qb6 8.Nb3 Be7
9.O-O-O O-O 10.f3 a6 11.g4 Qc7 12.Bxf6 Bxf6 13.Qxd6 Bg5+ 14.Kb1 Qxd6 15.Rxd6 Ne5
16.Be2 Bf4 17.Rdd1 b5 18.h3 Ra7 19.Nc1 Be3 20.a3 Rc7 21.h4 h6 22.h5 Bb7 23.Rhf1 Rfc8
24.Nb3 Bf4 25.Nc1 Be3 26.Nb3 Bf4 27.Nc1 Be3 28.Nb3 Bf4  1/2-1/2

[Event "IFPX Categoria A"]
[Site "Sao Paulo BRA"]
[Date "2010.02.21"]
[Round "4"]
[White "Campelo,L"]
[Black "Galati,M"]
[Result "1/2-1/2"]
[WhiteElo "2220"]
[BlackElo "2177"]

1.e4 c5 2.Nf3 Nc6 3.d4 cxd4 4.Nxd4 Nf6 5.Nc3 d6 6.Bg5 Bd7 7.Qd2 Rc8 8.O-O-O Nxd4
9.Qxd4 Qa5 10.Bxf6 gxf6 11.f4 Qc5 12.Qd2 e6 13.Bd3 h5 14.Kb1 b5 15.f5 b4
16.fxe6 fxe6 17.Ne2 Bh6 18.Qe1 Ke7 19.Rf1 Rcg8 20.Nf4 Bxf4 21.Rxf4 Qe5 22.Qf2 Rg4
23.g3 a5 24.Rf1 Rh6 25.Qe3 Rg5 26.Bc4 Qc5 27.Qxc5 Rxc5 28.Bd3 Bc6 29.Kc1 Re5
30.Kd2 d5 31.exd5 Bxd5 32.Re1 Rxe1 33.Kxe1  1/2-1/2

[Event "Reykjavik Open"]
[Site "Reykjavik ISL"]
[Date "2010.02.27"]
[Round "5"]
[White "Lagerman,R"]
[Black "Bjornsson,T"]
[Result "1-0"]
[WhiteElo "2347"]
[BlackElo "2155"]

1.e4 c5 2.Nf3 d6 3.d4 cxd4 4.Nxd4 Nf6 5.Nc3 Nc6 6.Bg5 e6 7.Nb3 Bd7 8.Qd2 Rc8
9.O-O-O a6 10.f3 h6 11.Be3 Be7 12.g4 Qc7 13.Kb1 Ne5 14.Qf2 Nexg4 15.fxg4 Nxg4
16.Qg1 Nxe3 17.Qxe3 b5 18.Bd3 Bf6 19.Ne2 O-O 20.Nf4 Be5 21.Rhg1 a5 22.Nh5 Kh8
23.Nd2 a4 24.Nf3 Bxb2 25.e5 g5 26.Rxg5 hxg5 27.Qxg5  1-0

[Event "Reykjavik Open"]
[Site "Reykjavik ISL"]
[Date "2010.03.02"]
[Round "8"]
[White "Unnarsson,S"]
[Black "Jonsson,Ol"]
[Result "0-1"]
[WhiteElo "1958"]
[BlackElo "1872"]

1.e4 c5 2.Nf3 d6 3.d4 cxd4 4.Nxd4 Nf6 5.Nc3 Nc6 6.Bg5 e6 7.Qd2 a6 8.Be2 Bd7
9.Nb3 Qc7 10.O-O Be7 11.Kh1 h6 12.Be3 b5 13.a3 O-O 14.f4 Rad8 15.Rad1 Bc8
16.Bf3 Bb7 17.Qf2 Nd7 18.g4 Bf6 19.e5 dxe5 20.f5 Nd4 21.Bxd4 exd4 22.Ne4 e5
23.Qg2 Bxe4 24.Bxe4 Bg5 25.Qf3 Nf6 26.Bd3 Rfe8 27.Be4 Rc8 28.Rf2 Nxe4 29.Qxe4 Qc6
30.Qxc6 Rxc6 31.Re2 Be3 32.Nxd4 exd4 33.c3 Rec8 34.cxd4 Rc1 35.Ree1 Rxd1
36.Rxd1 Rc1  0-1

[Event "81st ch-GER"]
[Site "Bad Liebenzell GER"]
[Date "2010.03.05"]
[Round "1"]
[White "Milov,L"]
[Black "Lubbe,N"]
[Result "1-0"]
[WhiteElo "2556"]
[BlackElo "2353"]

1.e4 c5 2.Nf3 Nc6 3.d4 cxd4 4.Nxd4 Nf6 5.Nc3 d6 6.Bg5 Qb6 7.Be3 Qxb2 8.Ndb5 Qb4
9.Bd2 Nxe4 10.a3 Nxc3 11.axb4 Nxd1 12.Nc7+ Kd8 13.Nxa8 Nb2 14.Ra2 b6 15.b5 Nd4
16.Rxb2 Bb7 17.Nxb6 axb6 18.Be3  1-0

[Event "TCh-ISL 2009-10"]
[Site "Rekjavik ISL"]
[Date "2010.03.05"]
[Round "6"]
[White "Olafsson,Thorv"]
[Black "Henrichs,T"]
[Result "0-1"]
[WhiteElo "2211"]
[BlackElo "2461"]

1.e4 c5 2.Nf3 d6 3.d4 cxd4 4.Nxd4 Nf6 5.Nc3 Nc6 6.Bg5 e6 7.Qd2 Be7 8.O-O-O Nxd4
9.Qxd4 a6 10.Bc4 b5 11.Bb3 Bb7 12.f3 O-O 13.Bxf6 Bxf6 14.Qxd6 Qxd6 15.Rxd6 Rfc8
16.Ne2 Be5 17.Rd2 a5 18.a4 Bc6 19.axb5 Bxb5 20.f4 Bxe2 21.fxe5 Bb5 22.Rhd1 g6
23.Rd4 a4 24.Ba2 Kg7 25.Rb4 Rc5 26.c4 Bc6 27.Rd4 Rxe5 28.g3 h5 29.Kd2 h4
30.Ke3 hxg3 31.hxg3 a3 32.Rb6 axb2 33.Rxc6 Rxa2 34.Rb6 Rg5 35.Rd7 Rxg3+ 36.Kf4 Rg1
37.Rdb7 Rc1 38.Rxb2 Rxb2 39.Rxb2 Rxc4 40.Rb7 Kf6 41.Rb5 Ra4 42.Rc5 e5+ 43.Kf3 Ra3+
44.Kg4 Re3 45.Rc6+ Kg7 46.Kg5 f6+  0-1

[Event "81st ch-GER"]
[Site "Bad Liebenzell GER"]
[Date "2010.03.06"]
[Round "2"]
[White "Lubbe,N"]
[Black "Hirneise,J"]
[Result "1-0"]
[WhiteElo "2353"]
[BlackElo "2294"]

1.e4 c5 2.Nf3 d6 3.d4 cxd4 4.Nxd4 Nf6 5.Nc3 Nc6 6.Bg5 e6 7.Qd2 a6 8.O-O-O Bd7
9.f4 Qc7 10.Nf3 O-O-O 11.f5 Be7 12.fxe6 fxe6 13.Bxf6 gxf6 14.g3 Kb8 15.Bh3 Bc8
16.Rhf1 b5 17.Qe1 Rhe8 18.Kb1 Qb6 19.Ne2 Qc5 20.Ned4 Bf8 21.Nxc6+ Qxc6 22.Nd4 Qb6
23.Qc3 e5 24.Nc6+ Ka8 25.Bg2 Rd7 26.Nb4 Rf7 27.Nd5 Qd8 28.Nxf6 Ree7 29.Nd5 Rb7
30.Qc6 Ka7 31.Nb4 Rbc7 32.Rxf7 Rxf7 33.a4 bxa4 34.Bf1 Bb7 35.Qxa4 Qb6 36.Bc4 Rf2
37.Bd5 Qb5 38.Qa3 Rf1 39.Qe3+ Ka8 40.Rxf1 Qxf1+ 41.Ka2 Bxd5+ 42.Nxd5 Qc4+
43.Qb3 Qxe4 44.Nb6+ Ka7 45.Nd7  1-0

[Event "11th EICC Men"]
[Site "Rijeka CRO"]
[Date "2010.03.06"]
[Round "1"]
[White "Ter Sahakyan,S"]
[Black "Lanzani,G"]
[Result "1-0"]
[WhiteElo "2513"]
[BlackElo "1992"]

1.e4 c5 2.Nf3 Nc6 3.d4 cxd4 4.Nxd4 Nf6 5.Nc3 d6 6.Bg5 e6 7.Qd2 Be7 8.O-O-O Nxd4
9.Qxd4 O-O 10.f3 Qa5 11.h4 Rd8 12.Kb1 Bd7 13.Qd2 Qc7 14.g4 Bc6 15.Qh2 Rac8
16.Bd3 Kf8 17.Bf4 Qa5 18.Bd2 Qc7 19.g5 Nd7 20.h5 Ne5 21.Be2 b5 22.f4 Nc4
23.Bxc4 bxc4 24.h6 g6 25.f5 exf5 26.Qf2 d5 27.Qd4  1-0

[Event "FSGM March"]
[Site "Budapest HUN"]
[Date "2010.03.09"]
[Round "4"]
[White "Sharma,Di"]
[Black "Kislik,E"]
[Result "1/2-1/2"]
[WhiteElo "2361"]
[BlackElo "2370"]

1.e4 c5 2.Nf3 d6 3.d4 cxd4 4.Nxd4 Nf6 5.Nc3 Nc6 6.Bg5 e6 7.Qd2 Be7 8.O-O-O O-O
9.f4 Nxd4 10.Qxd4 Qa5 11.Bc4 Rd8 12.e5 dxe5 13.Qxe5 Qb4 14.Rxd8+ Bxd8 15.Rd1 Bd7
16.Qe2 Bc6 17.a3  1/2-1/2

[Event "FSGM March"]
[Site "Budapest HUN"]
[Date "2010.03.13"]
[Round "8"]
[White "Olape,B"]
[Black "Kislik,E"]
[Result "0-1"]
[WhiteElo "2263"]
[BlackElo "2370"]

1.e4 c5 2.Nf3 d6 3.d4 cxd4 4.Nxd4 Nf6 5.Nc3 Nc6 6.Bg5 e6 7.f4 Be7 8.Nb3 O-O
9.Qf3 a6 10.O-O-O Qc7 11.g4 Bd7 12.Bxf6 Bxf6 13.g5 Be7 14.Bd3 b5 15.e5 dxe5
16.Bxh7+ Kxh7 17.Qh5+ Kg8 18.Rd3 e4 19.Rh3 Qxf4+ 20.Kb1 f5 21.gxf6 Bxf6 22.Rd1 Rad8
23.Qh7+ Kf7 24.Nxe4 e5 25.Nd6+ Ke7 26.Rc3 Nd4 27.Nb7 Bf5 28.Rc7+ Rd7 29.Nxd4 Bxh7
30.Rxd7+ Kxd7 31.Ne2+ Ke7  0-1

[Event "XIV Vasconcellos Mem"]
[Site "Brasilia BRA"]
[Date "2010.03.15"]
[Round "9"]
[White "Lima,Da"]
[Black "Shumyatsky,V"]
[Result "1-0"]
[WhiteElo "2486"]
[BlackElo "2288"]

1.e4 c5 2.Nf3 Nc6 3.d4 cxd4 4.Nxd4 Nf6 5.Nc3 d6 6.Bg5 e6 7.Qd2 a6 8.O-O-O h6
9.Be3 Be7 10.f4 Nxd4 11.Bxd4 b5 12.Be2 b4 13.Na4 Nxe4 14.Qe3 Nf6 15.Bf3 Rb8
16.Ba7 Rb5 17.Bb6 Qd7 18.Nc5 Rxb6 19.Nxd7 Nxd7 20.h4 Nc5 21.g4 g6 22.f5 exf5
23.Bd5 fxg4 24.Rhe1 Be6 25.Qd4 Rg8 26.Bxe6 fxe6 27.Rxe6 Nxe6 28.Qxb6 Kf7  1-0

[Event "TCh-AUT 2009-10"]
[Site "Baden AUT"]
[Date "2010.03.20"]
[Round "11"]
[White "Balogh,C"]
[Black "Baklan,V"]
[Result "1/2-1/2"]
[WhiteElo "2613"]
[BlackElo "2655"]

1.e4 c5 2.Nf3 d6 3.d4 cxd4 4.Nxd4 Nf6 5.Nc3 Nc6 6.Bg5 e6 7.Qd2 a6 8.O-O-O Bd7
9.f3 Be7 10.Be3 h5 11.h3 Qc7 12.Qf2 b5 13.Nxc6 Bxc6 14.Ne2 g6 15.h4 Rc8 16.Nd4 Bb7
17.Bd3 e5 18.Nb3 d5 19.Bb6 Qb8 20.Ba7 Qc7 21.Bb6 Qb8 22.Ba7 Qc7 23.Bb6  1/2-1/2

[Event "TCh-FIN 2009-10"]
[Site "Finland FIN"]
[Date "2010.03.21"]
[Round "9"]
[White "Franssila,T"]
[Black "Pulkkinen,K"]
[Result "1/2-1/2"]
[WhiteElo "2265"]
[BlackElo "2277"]

1.e4 c5 2.Nf3 d6 3.d4 cxd4 4.Nxd4 Nf6 5.Nc3 Nc6 6.Bg5 e6 7.Qd2 a6 8.O-O-O Bd7
9.f4 h6 10.Bh4 g5 11.fxg5 Ng4 12.Nf3 Be7 13.Bd3 Nge5 14.Rhg1 b5 15.Rdf1 b4
16.Nd1 hxg5 17.Bxg5 Bxg5 18.Nxg5 Qa5 19.Kb1 b3 20.Qxa5 bxc2+ 21.Bxc2 Nxa5
22.Nf3 Bb5 23.Re1 Nac4 24.Nxe5 Nxe5 25.h3 Ke7 26.Nc3  1/2-1/2

[Event "TCh-AUT 2009-10"]
[Site "Baden AUT"]
[Date "2010.03.27"]
[Round "8"]
[White "Poetz,F"]
[Black "Kopinits,A"]
[Result "0-1"]
[WhiteElo "2317"]
[BlackElo "2218"]

1.e4 c5 2.Nf3 Nc6 3.d4 cxd4 4.Nxd4 Nf6 5.Nc3 d6 6.Bg5 Bd7 7.Nb3 h6 8.Bxf6 gxf6
9.Qh5 a5 10.Bb5 Rg8 11.O-O Rg5 12.Qf3 h5 13.Kh1 a4 14.Bxa4 Rxa4 15.Nxa4 Ne5
16.Qe2 Ng6 17.Nc3 Nf4 18.Qd2 Nxg2 19.f4 Rg4 20.Rg1 Nh4 21.Qf2 Ng6 22.Rxg4 hxg4
23.Nc1 f5 24.exf5 Bxf5 25.N1e2 Qc7 26.Nd4 Qc5 27.Rf1 Bd7 28.Nce2 f5 29.c3 e5
30.fxe5 dxe5 31.Nxf5 Bc6+ 32.Kg1 Qd5 33.Nfg3 Bc5 34.Nd4 Nf4  0-1